|
|
|
|
| LEADER |
02653nam a2200541 4500 |
| 001 |
978-3-540-48162-1 |
| 003 |
DE-He213 |
| 005 |
20191025031731.0 |
| 007 |
cr nn 008mamaa |
| 008 |
121227s2000 gw | s |||| 0|eng d |
| 020 |
|
|
|a 9783540481621
|9 978-3-540-48162-1
|
| 024 |
7 |
|
|a 10.1007/3-540-48162-1
|2 doi
|
| 040 |
|
|
|d GrThAP
|
| 050 |
|
4 |
|a QC173.96-174.52
|
| 072 |
|
7 |
|a PHQ
|2 bicssc
|
| 072 |
|
7 |
|a SCI057000
|2 bisacsh
|
| 072 |
|
7 |
|a PHQ
|2 thema
|
| 082 |
0 |
4 |
|a 530.12
|2 23
|
| 100 |
1 |
|
|a Masujima, Michio.
|e author.
|4 aut
|4 http://id.loc.gov/vocabulary/relators/aut
|
| 245 |
1 |
0 |
|a Path Integral Quantization and Stochastic Quantization
|h [electronic resource] /
|c by Michio Masujima.
|
| 250 |
|
|
|a 1st ed. 2000.
|
| 264 |
|
1 |
|a Berlin, Heidelberg :
|b Springer Berlin Heidelberg :
|b Imprint: Springer,
|c 2000.
|
| 300 |
|
|
|a XII, 283 p.
|b online resource.
|
| 336 |
|
|
|a text
|b txt
|2 rdacontent
|
| 337 |
|
|
|a computer
|b c
|2 rdamedia
|
| 338 |
|
|
|a online resource
|b cr
|2 rdacarrier
|
| 347 |
|
|
|a text file
|b PDF
|2 rda
|
| 490 |
1 |
|
|a Springer Tracts in Modern Physics,
|x 0081-3869 ;
|v 165
|
| 505 |
0 |
|
|a Path Integral Representation of Quantum Mechanics -- Path Integral Representation of Quantum Field Theory -- Path Integral Quantization of Gauge Field -- Path Integral Representation of Quantum Statistical Mechanics -- Stochastic Quantization.
|
| 520 |
|
|
|a The book gives an overview of path integral quantization and stochastic quantization of classical mechanics and field theory. The non-Abelian gauge field, the gravitational field, and the path integral representation of quantum statistical mechanics and stochastic quantization are described.
|
| 650 |
|
0 |
|a Quantum physics.
|
| 650 |
|
0 |
|a Elementary particles (Physics).
|
| 650 |
|
0 |
|a Quantum field theory.
|
| 650 |
|
0 |
|a Quantum computers.
|
| 650 |
|
0 |
|a Spintronics.
|
| 650 |
1 |
4 |
|a Quantum Physics.
|0 http://scigraph.springernature.com/things/product-market-codes/P19080
|
| 650 |
2 |
4 |
|a Elementary Particles, Quantum Field Theory.
|0 http://scigraph.springernature.com/things/product-market-codes/P23029
|
| 650 |
2 |
4 |
|a Quantum Information Technology, Spintronics.
|0 http://scigraph.springernature.com/things/product-market-codes/P31070
|
| 710 |
2 |
|
|a SpringerLink (Online service)
|
| 773 |
0 |
|
|t Springer eBooks
|
| 776 |
0 |
8 |
|i Printed edition:
|z 9783662156650
|
| 776 |
0 |
8 |
|i Printed edition:
|z 9783540665427
|
| 776 |
0 |
8 |
|i Printed edition:
|z 9783662156643
|
| 830 |
|
0 |
|a Springer Tracts in Modern Physics,
|x 0081-3869 ;
|v 165
|
| 856 |
4 |
0 |
|u https://doi.org/10.1007/3-540-48162-1
|z Full Text via HEAL-Link
|
| 912 |
|
|
|a ZDB-2-PHA
|
| 912 |
|
|
|a ZDB-2-BAE
|
| 950 |
|
|
|a Physics and Astronomy (Springer-11651)
|